000 00271nam a2200109Ia 4500
008 220204s9999 xx 000 0 und d
082 _a330.14
_bMIS
100 _aMISHRA, Ram Kumar
245 0 _aProblems of working capital
260 _aBombay
_bSomaiya
_c1975
942 _cBK
999 _c31168
_d31168